[Event "Wch U16 Girls"]
[Site "Durban"]
[Date "2014.09.25"]
[Round "7"]
[White "Nyamdorj, Uranchimeg"]
[Black "Bashaer, Khalil"]
[Result "1-0"]
[WhiteElo "1784"]
[BlackElo "1618"]
[PlyCount "95"]
[EventDate "2014.09.20"]
[EventType "swiss"]
[EventRounds "11"]
[EventCountry "RSA"]
[SourceTitle "CBM 162 Extra"]
[Source "ChessBase"]
[SourceDate "2014.10.17"]
[SourceVersion "1"]
[SourceVersionDate "2014.10.17"]
[SourceQuality "1"]

1. e4 c5 2. Nf3 e6 3. g3 Nf6 4. Qe2 Nc6 5. Bg2 Be7 6. 0-0 0-0 7. Rd1 b6 8. d4 Nxd4 9. Nxd4 cxd4 10. Rxd4 e5 11. Rd1 Qc7 12. c4 Bb7 13. b3 a6 14. Bb2 Bc5 15. Nc3 Rfe8 16. Rac1 Rac8 17. h4 h6 18. Bh3 Bb4 19. Nd5 Nxd5 20. cxd5 Qd6 21. Qg4 Rxc1 22. Rxc1 Rd8 23. Qf5 f6 24. Qg6 Qe7 25. Rc7 Bc8 26. Bf5 Qf8 27. Bc1 Bd6 28. Rc2 Qf7 29. Qg4 Kh8 30. Be3 b5 31. f4 Bb8 32. Bb6 Rf8 33. Bc7 Bxc7 34. Rxc7 Rd8 35. d6 exf4 36. gxf4 a5 37. Qg6 Kg8 38. Qh7+ Kf8 39. Bg6 Qg8 40. Qxg8+ Kxg8 41. Kf2 Kf8 42. Ke3 b4 43. Ra7 Kg8 44. Kd4 Rf8 45. Rxa5 Bb7 46. Rb5 Bc6 47. Rxb4 Ra8 48. a4 1-0

[Event "Wch U16 Girls"]
[Site "Durban"]
[Date "2014.09.23"]
[Round "5"]
[White "Nyamdorj, Uranchimeg"]
[Black "Ghukasyan, Siranush"]
[Result "0-1"]
[WhiteElo "1784"]
[BlackElo "2155"]
[PlyCount "96"]
[EventDate "2014.09.20"]
[EventType "swiss"]
[EventRounds "11"]
[EventCountry "RSA"]
[SourceTitle "CBM 162 Extra"]
[Source "ChessBase"]
[SourceDate "2014.10.17"]
[SourceVersion "1"]
[SourceVersionDate "2014.10.17"]
[SourceQuality "1"]

1. e4 e5 2. Nf3 Nc6 3. Bb5 a6 4. Ba4 Nf6 5. 0-0 Be7 6. Re1 b5 7. Bb3 d6 8. c3 0-0 9. h3 Nb8 10. d4 Nbd7 11. Nbd2 Bb7 12. Bc2 Re8 13. Nf1 Bf8 14. Ng3 g6 15. a4 c5 16. d5 c4 17. Bg5 h6 18. Be3 Nc5 19. a5 Bg7 20. Nh2 Qe7 21. Qd2 Kh7 22. f3 Qf8 23. Ng4 Nfd7 24. h4 h5 25. Nh2 Bh6 26. Ngf1 Bxe3+ 27. Nxe3 Qh6 28. Rad1 Rg8 29. Qf2 Rae8 30. Kf1 Bc8 31. g4 Nf8 32. Ke2 f6 33. Rg1 Kg7 34. Rg3 Kf7 35. Rdg1 hxg4 36. Nhxg4 Qxh4 37. R1g2 Bxg4 38. Nxg4 Qh1 39. Rg1 Qh7 40. R3g2 Rh8 41. f4 exf4 42. Qxf4 Qg7 43. Qxd6 Nxe4 44. Bxe4 Rxe4+ 45. Kf1 f5 46. Nf2 Re7 47. Qxa6 Qe5 48. Rg3 Rh2 0-1

[Event "CAN-ch U16/18 Girls"]
[Site "Montreal"]
[Date "2014.07.16"]
[Round "4"]
[White "Nyamdorj, Uranchimeg"]
[Black "Tao, Rachel Long Xin"]
[Result "1-0"]
[WhiteElo "1810"]
[BlackElo "1666"]
[PlyCount "67"]
[EventDate "2014.07.15"]
[EventType "swiss"]
[EventRounds "7"]
[EventCountry "CAN"]
[SourceTitle "EXT 2022"]
[Source "ChessBase"]
[SourceDate "2021.10.06"]
[SourceVersion "1"]
[SourceVersionDate "2021.10.06"]
[SourceQuality "1"]

1. e4 c5 2. Nf3 Nc6 3. Bb5 a6 4. Bxc6 bxc6 5. c4 e6 6. 0-0 d5 7. cxd5 cxd5 8. exd5 exd5 9. d4 h6 10. Re1+ Be6 11. Ne5 Qb6 12. Nc3 Nf6 13. Na4 Qa7 14. Nxc5 Bxc5 15. dxc5 Qxc5 16. Qa4+ Qb5 17. Qa3 Rc8 18. Ng6 Qc5 19. Qxc5 Rxc5 20. Nxh8 Kd7 21. Bd2 Rc8 22. Nxf7 Bxf7 23. Bb4 Be6 24. Bc3 Rf8 25. f3 Rf7 26. Rac1 Ne8 27. Be5 Nd6 28. Red1 g6 29. Rc3 Rf8 30. Bg7 Rb8 31. Rdc1 Nb5 32. Rc6 d4 33. a4 Nd6 34. Be5 1-0

[Event "British Columbia-ch U20"]
[Site "Vancouver"]
[Date "2013.11.10"]
[Round "4"]
[White "Nyamdorj, Uranchimeg"]
[Black "Pulfer, Luke"]
[Result "1-0"]
[WhiteElo "1744"]
[BlackElo "1654"]
[PlyCount "81"]
[EventDate "2013.11.08"]
[EventType "swiss"]
[EventRounds "5"]
[EventCountry "CAN"]
[SourceTitle "EXT 2015"]
[Source "ChessBase"]
[SourceDate "2014.11.20"]
[SourceVersion "1"]
[SourceVersionDate "2014.11.20"]
[SourceQuality "1"]

1. e4 e5 2. Nf3 Nc6 3. Bb5 a6 4. Ba4 Nf6 5. 0-0 b5 6. Bb3 Be7 7. Re1 d6 8. c3 Na5 9. Bc2 c5 10. d4 Qc7 11. Nbd2 0-0 12. b3 Bg4 13. h3 Bh5 14. Bb2 cxd4 15. cxd4 exd4 16. Bxd4 Nc6 17. Bb2 Nb4 18. Bb1 Rac8 19. Re3 Qb7 20. a3 Nc6 21. Bd3 Nd7 22. Be2 Rc7 23. Nf1 Rfc8 24. Ng3 Bxf3 25. Bxf3 Nce5 26. Nf5 Bf8 27. Nxd6 Bxd6 28. Qxd6 Rc5 29. Bg4 Nxg4 30. hxg4 Rc2 31. Qd4 f6 32. g5 Kh8 33. Rd1 R2c7 34. Rh3 Rg8 35. g6 h6 36. Qe3 Nf8 37. Rxh6+ gxh6 38. Qxh6+ Rh7 39. gxh7 Rg7 40. Bxf6 Qf7 41. Rd8 1-0

[Event "World School-ch U15 Girls 9th"]
[Site "Porto Carras"]
[Date "2013.05.13"]
[Round "8"]
[White "Drogovoz, Maria"]
[Black "Nyamdorj, Uranchimeg"]
[Result "1-0"]
[WhiteElo "1879"]
[BlackElo "1756"]
[PlyCount "99"]
[EventDate "2013.05.07"]
[EventType "swiss"]
[EventRounds "9"]
[EventCountry "GRE"]
[SourceTitle "CBM 154 Extra"]
[Source "ChessBase"]
[SourceDate "2013.06.25"]
[SourceVersion "2"]
[SourceVersionDate "2013.06.25"]
[SourceQuality "1"]

1. e4 e5 2. Nf3 Nc6 3. d4 exd4 4. Nxd4 Bc5 5. Be3 Bb6 6. Bc4 d6 7. c3 Nf6 8. Nd2 Qe7 9. 0-0 Ng4 10. Nxc6 bxc6 11. Bd4 0-0 12. a4 Bxd4 13. cxd4 d5 14. Be2 Nh6 15. e5 c5 16. Nb3 cxd4 17. Qxd4 Rb8 18. Ra3 c6 19. Na5 Bd7 20. Bd3 Rfe8 21. f4 Rb4 22. Qxa7 Rxb2 23. Rb3 Rxb3 24. Nxb3 Bf5 25. Qxe7 Rxe7 26. Bxf5 Nxf5 27. Rc1 Rc7 28. Kf2 h5 29. Nc5 Ra7 30. g3 Kf8 31. h3 Ne7 32. Rb1 g6 33. Rb8+ Kg7 34. Rb7 Nc8 35. Rxa7 Nxa7 36. g4 hxg4 37. hxg4 Kf8 38. f5 gxf5 39. gxf5 Ke7 40. f6+ Ke8 41. Ke3 Nc8 42. Kd4 Nb6 43. a5 Nc8 44. a6 Na7 45. Kc3 Nb5+ 46. Kb4 Na7 47. Ka5 Nc8 48. Nb7 Kd7 49. Nd6 d4 50. Nxc8 1-0

[Event "World School-ch U15 Girls 9th"]
[Site "Porto Carras"]
[Date "2013.05.10"]
[Round "5"]
[White "Bashaer, Khalil"]
[Black "Nyamdorj, Uranchimeg"]
[Result "0-1"]
[WhiteElo "1589"]
[BlackElo "1756"]
[PlyCount "52"]
[EventDate "2013.05.07"]
[EventType "swiss"]
[EventRounds "9"]
[EventCountry "GRE"]
[SourceTitle "CBM 154 Extra"]
[Source "ChessBase"]
[SourceDate "2013.06.25"]
[SourceVersion "2"]
[SourceVersionDate "2013.06.25"]
[SourceQuality "1"]

1. e4 e5 2. Nc3 Nf6 3. Bc4 c6 4. Qe2 Bc5 5. d3 h6 6. f4 d6 7. f5 b5 8. Bb3 Qb6 9. Nh3 a5 10. a3 Bb7 11. Rf1 Nbd7 12. Nf2 d5 13. Ng4 0-0-0 14. Nxf6 Nxf6 15. exd5 cxd5 16. h3 Rhe8 17. Bd2 e4 18. 0-0-0 e3 19. Be1 d4 20. Nb1 Re7 21. Bh4 a4 22. Bxa4 bxa4 23. Rf4 Rc7 24. Bxf6 Qxf6 25. Rdf1 Bd6 26. Rg4 h5 0-1